[Event "Lloyds Bank Masters 04th"]
[Site "London"]
[Date "1980.08.24"]
[Round "5.9"]
[White "Shamkovich, Leonid"]
[Black "Riedel, Wolfgang"]
[Result "1-0"]
[WhiteElo "2515"]
[BlackElo "2295"]
[PlyCount "79"]
[EventDate "1980.08.20"]
[EventType "swiss"]
[EventRounds "9"]
[EventCountry "ENG"]
[SourceTitle "BritBase"]
[Source "John Saunders"]
[SourceDate "2020.09.07"]
[SourceVersion "1"]
[SourceVersionDate "2020.09.07"]
[SourceQuality "2"]

1. e4 e5 2. Nf3 Nc6 3. Bb5 a6 4. Ba4 Nf6 5. O-O b5 6. Bb3 Be7 7. d4 d6 8. c3
O-O 9. h3 Nd7 10. Be3 Bf6 11. Nbd2 Nb6 12. Re1 Bd7 13. dxe5 dxe5 14. Bxb6 cxb6
15. Nf1 Qc7 16. Ne3 Ne7 17. Nh2 Rad8 18. Qf3 Bg5 19. Rad1 Bxe3 20. Rxe3 Ng6 21.
Red3 Nf4 22. R3d2 Be6 23. Ng4 f6 24. Ne3 Rxd2 25. Rxd2 Rd8 26. Bxe6+ Nxe6 27.
Nd5 Qf7 28. Qd1 Rb8 29. Nb4 Nc5 30. Rd8+ Rxd8 31. Qxd8+ Qf8 32. Qxb6 h6 33.
Nxa6 Nxa6 34. Qxa6 Qd8 35. Qxb5 Qd1+ 36. Kh2 Qc1 37. g3 Qe1 38. Qd5+ Kh7 39.
Kg2 Qc1 40. Qb7 1-0

[Event "Lloyds Bank Masters 04th"]
[Site "London"]
[Date "1980.08.24"]
[Round "5.11"]
[White "Ligterink, Gert"]
[Black "King, Daniel J"]
[Result "1-0"]
[WhiteElo "2455"]
[BlackElo "2330"]
[PlyCount "93"]
[EventDate "1980.08.20"]
[EventType "swiss"]
[EventRounds "9"]
[EventCountry "ENG"]
[SourceTitle "BritBase"]
[Source "John Saunders"]
[SourceDate "2020.09.07"]
[SourceVersion "1"]
[SourceVersionDate "2020.09.07"]
[SourceQuality "2"]

1. e4 c5 2. Nf3 Nc6 3. d4 cxd4 4. Nxd4 Nf6 5. Nc3 e6 6. Nxc6 bxc6 7. e5 Nd5 8.
Ne4 f5 9. exf6 Nxf6 10. Nd6+ Bxd6 11. Qxd6 Ba6 12. Bxa6 Qa5+ 13. Bd2 Qxa6 14.
Bb4 O-O-O 15. a3 Nd5 16. Bd2 Rdf8 17. f3 Rf7 18. O-O-O Kb7 19. Rhe1 Rb8 20. Re4
Qb6 21. Be1 Ka8 22. b3 Rbf8 23. Kb2 c5 24. Bg3 Kb7 25. c4 Nf6 26. Re2 Rc8 27.
Red2 Qxd6 28. Bxd6 Rc6 29. Be5 Kc8 30. Rd6 Rb6 31. Kc3 Ne8 32. R6d2 Rf5 33. Bg3
Rb7 34. b4 cxb4+ 35. axb4 g5 36. Ra1 Nf6 37. Rda2 g4 38. fxg4 Nxg4 39. Rxa7
Rxa7 40. Rxa7 Ne3 41. Bd6 Rf1 42. b5 Rb1 43. Ra8+ Kb7 44. Rb8+ Ka7 45. Rd8 Nxg2
46. Rxd7+ Kb6 47. c5+ 1-0

[Event "Lloyds Bank Masters 04th"]
[Site "London"]
[Date "1980.08.23"]
[Round "5.12"]
[White "Botterill, George Steven"]
[Black "Plaskett, H James"]
[Result "1/2-1/2"]
[WhiteElo "2420"]
[BlackElo "2405"]
[PlyCount "66"]
[EventDate "1980.08.20"]
[EventType "swiss"]
[EventRounds "9"]
[EventCountry "ENG"]
[SourceTitle "BritBase"]
[Source "John Saunders"]
[SourceDate "2020.09.07"]
[SourceVersion "1"]
[SourceVersionDate "2020.09.07"]
[SourceQuality "2"]

1. d4 Nf6 2. Nf3 e6 3. Bg5 c5 4. e3 Qb6 5. Qc1 Nc6 6. c3 d5 7. Nbd2 Bd7 8. Bd3
Rc8 9. Qb1 h6 10. Bh4 Be7 11. O-O cxd4 12. exd4 g5 13. Bg3 Nh5 14. Be5 Rg8 15.
Bh7 Rf8 16. h3 Nxe5 17. Nxe5 Bb5 18. Re1 Nf6 19. a4 Bc6 20. Bd3 a5 21. Ndf3 Nd7
22. Bg6 Nxe5 23. Nxe5 fxg6 24. Qxg6+ Kd8 25. Qxe6 Rc7 26. Re2 Qa6 27. Rae1 Be8
28. Qxd5+ Kc8 29. Ng6 Bxg6 30. Rxe7 Qf6 31. Rxc7+ Kxc7 32. f3 Kb8 33. Re6 Qf4
1/2-1/2

[Event "Lloyds Bank Masters 04th"]
[Site "London"]
[Date "1980.08.24"]
[Round "5.13"]
[White "Pritchett, Craig William"]
[Black "Ostermeyer, Peter"]
[Result "1-0"]
[WhiteElo "2390"]
[BlackElo "2400"]
[PlyCount "91"]
[EventDate "1980.08.20"]
[EventType "swiss"]
[EventRounds "9"]
[EventCountry "ENG"]
[SourceTitle "BritBase"]
[Source "John Saunders"]
[SourceDate "2020.09.07"]
[SourceVersion "1"]
[SourceVersionDate "2020.09.07"]
[SourceQuality "2"]

1. e4 c5 2. Nf3 Nf6 3. e5 Nd5 4. Nc3 e6 5. Nxd5 exd5 6. d4 Nc6 7. dxc5 Bxc5 8.
Qxd5 Qb6 9. Bc4 Bxf2+ 10. Ke2 O-O 11. Rf1 Bc5 12. Ng5 Nd4+ 13. Kd1 Ne6 14. Ne4
d6 15. exd6 Rd8 16. Bd3 Bxd6 17. Qh5 f5 18. Nxd6 Qxd6 19. Qxf5 Nf8 20. Qf7+ Kh8
21. Qf4 Qxf4 22. Bxf4 Bf5 23. Kd2 Ne6 24. Be3 Bxd3 25. cxd3 Kg8 26. Rae1 Nc7
27. Bg5 Rd7 28. Re7 Rxe7 29. Bxe7 Nd5 30. Bc5 a6 31. a3 g6 32. g3 Re8 33. b4 h5
34. Rb1 b5 35. a4 bxa4 36. Ra1 Kf7 37. Rxa4 Re6 38. Ra1 Kf6 39. Rc1 Kg5 40. Rc4
Kf5 41. Rd4 Ke5 42. h3 Rc6 43. Re4+ Kf5 44. Bd4 Nxb4 45. Re5+ Kf6 46. Rb5+ 1-0

[Event "Lloyds Bank Masters 04th"]
[Site "London"]
[Date "1980.08.24"]
[Round "5.20"]
[White "Davies, Nigel Rodney"]
[Black "Sax, Gyula"]
[Result "0-1"]
[WhiteElo "2235"]
[BlackElo "2570"]
[PlyCount "46"]
[EventDate "1980.08.20"]
[EventType "swiss"]
[EventRounds "9"]
[EventCountry "ENG"]
[SourceTitle "BritBase"]
[Source "John Saunders"]
[SourceDate "2020.09.07"]
[SourceVersion "1"]
[SourceVersionDate "2020.09.07"]
[SourceQuality "2"]

1. e4 c5 2. Nf3 d6 3. Bb5+ Nc6 4. O-O Bd7 5. Re1 Nf6 6. c3 a6 7. Bf1 e5 8. h3
Be7 9. d4 O-O 10. d5 Nb8 11. a4 Ne8 12. Nbd2 g6 13. b4 cxb4 14. cxb4 f5 15. Qb3
Kh8 16. exf5 gxf5 17. Bb2 Ng7 18. Nc4 Be8 19. Nd4 exd4 20. Rxe7 Qxe7 21. Nb6
Nd7 22. Nxa8 Qd8 23. Qg3 f4 0-1

[Event "Lloyds Bank Masters 04th"]
[Site "London"]
[Date "1980.08.24"]
[Round "5.35"]
[White "Lucena, Lincoln"]
[Black "Nicholson, John G"]
[Result "0-1"]
[WhiteElo "2350"]
[BlackElo "2305"]
[PlyCount "68"]
[EventDate "1980.08.20"]
[EventType "swiss"]
[EventRounds "9"]
[EventCountry "ENG"]
[SourceTitle "BritBase"]
[Source "John Saunders"]
[SourceDate "2020.09.07"]
[SourceVersion "1"]
[SourceVersionDate "2020.09.07"]
[SourceQuality "2"]

1. e4 c5 2. Nf3 d6 3. d4 cxd4 4. Nxd4 Nf6 5. Nc3 e6 6. g4 h6 7. Be3 Nc6 8. Qe2
Nxd4 9. Bxd4 e5 10. Be3 Bxg4 11. f3 Be6 12. Qb5+ Qd7 13. Qa5 Qd8 14. Qb5+ Nd7
15. Qxb7 Be7 16. O-O-O O-O 17. Rg1 Kh7 18. Nd5 Bxd5 19. Qxd5 Nb6 20. Qd2 Qc7
21. Rg3 Rfc8 22. b3 d5 23. exd5 Nxd5 24. Bd3+ g6 25. c4 Ba3+ 26. Kb1 Bb4 27.
cxd5 Bxd2 28. Bxd2 Qd7 29. Bc1 a5 30. Bb2 a4 31. Bc4 a3 32. Bc1 Rxc4 33. bxc4
Qf5+ 34. Ka1 Qc2 0-1

[Event "Lloyds Bank Masters 04th"]
[Site "London"]
[Date "1980.08.24"]
[Round "5.39"]
[White "Hakki, Imad"]
[Black "Toth, Peter"]
[Result "1-0"]
[WhiteElo "2255"]
[BlackElo "2300"]
[PlyCount "113"]
[EventDate "1980.08.20"]
[EventType "swiss"]
[EventRounds "9"]
[EventCountry "ENG"]
[SourceTitle "BritBase"]
[Source "John Saunders"]
[SourceDate "2020.09.07"]
[SourceVersion "1"]
[SourceVersionDate "2020.09.07"]
[SourceQuality "2"]

1. e4 e6 2. d4 d5 3. Nd2 Nf6 4. e5 Nfd7 5. Bd3 c5 6. c3 Nc6 7. Ne2 cxd4 8. cxd4
f6 9. exf6 Nxf6 10. O-O Bd6 11. Nf3 O-O 12. Bg5 Qe8 13. Bh4 Bd7 14. Bg3 Qe7 15.
Bxd6 Qxd6 16. Ng3 Rae8 17. Qd2 e5 18. dxe5 Nxe5 19. Nxe5 Rxe5 20. Rae1 Rfe8 21.
Rxe5 Qxe5 22. Qb4 Bc6 23. Ne2 Ne4 24. Qd4 Qxd4 25. Nxd4 Nc5 26. Bc2 Ba4 27. b3
Bd7 28. f3 Ne6 29. Nxe6 Rxe6 30. Kf2 Rc6 31. Bb1 Kf7 32. Rd1 Be6 33. Ke3 h6 34.
Kd4 Kf6 35. Bd3 a6 36. h4 Rb6 37. g3 Ke7 38. Ke5 Bf7 39. Rc1 Re6+ 40. Kd4 Kd6
41. f4 h5 42. Rc8 Kd7 43. Rf8 Re7 44. Rb8 Kc7 45. Rh8 Kd6 46. Rd8+ Kc7 47. Rh8
Kd6 48. Rh7 Be8 49. f5 a5 50. a3 b5 51. b4 axb4 52. axb4 Ra7 53. f6 Ra4 54.
fxg7 Rxb4+ 55. Ke3 Rg4 56. Bf5 d4+ 57. Kf2 1-0

[Event "Lloyds Bank Masters 04th"]
[Site "London"]
[Date "1980.08.24"]
[Round "5.42"]
[White "Chapman, Mark"]
[Black "Whitehead, Clare E"]
[Result "1-0"]
[WhiteElo "2250"]
[BlackElo "2000"]
[PlyCount "45"]
[EventDate "1980.08.20"]
[EventType "swiss"]
[EventRounds "9"]
[EventCountry "ENG"]
[SourceTitle "BritBase"]
[Source "John Saunders"]
[SourceDate "2020.09.07"]
[SourceVersion "1"]
[SourceVersionDate "2020.09.07"]
[SourceQuality "2"]

1. e4 d6 2. d4 Nf6 3. Nc3 g6 4. f3 Bg7 5. Be3 c6 6. Qd2 O-O 7. g4 b5 8. h4 h5
9. Bh6 Nbd7 10. Nge2 Nb6 11. Ng3 hxg4 12. h5 gxf3 13. O-O-O Ng4 14. hxg6 fxg6
15. Bxg7 Kxg7 16. Nh5+ Kg8 17. Qg5 Kf7 18. Nf4 Rg8 19. e5 Bf5 20. e6+ Ke8 21.
Bh3 b4 22. Bxg4 Bxg4 23. Qxg6+ 1-0

[Event "Lloyds Bank Masters 04th"]
[Site "London"]
[Date "1980.08.25"]
[Round "6.1"]
[White "Gutman, Lev"]
[Black "Gheorghiu, Florin"]
[Result "0-1"]
[WhiteElo "2430"]
[BlackElo "2605"]
[PlyCount "74"]
[EventDate "1980.08.20"]
[EventType "swiss"]
[EventRounds "9"]
[EventCountry "ENG"]
[SourceTitle "BritBase"]
[Source "John Saunders"]
[SourceDate "2020.09.07"]
[SourceVersion "1"]
[SourceVersionDate "2020.09.07"]
[SourceQuality "2"]

1. Nf3 c5 2. g3 g6 3. Bg2 Bg7 4. d4 cxd4 5. Nxd4 Nc6 6. Nxc6 bxc6 7. O-O Ba6 8.
Nd2 Nf6 9. c4 Qa5 10. a3 O-O 11. b4 Qe5 12. Rb1 d5 13. b5 cxb5 14. cxb5 Bc8 15.
Rb4 Bf5 16. Nf3 Qc7 17. Bf4 Qb7 18. Be5 Rac8 19. Nd4 Bd7 20. Nb3 Rfd8 21. Bd4
Ne4 22. Bxg7 Kxg7 23. Bxe4 dxe4 24. Rd4 e5 25. Rd5 e3 26. f3 Qc7 27. Qa1 f6 28.
Rc1 Qb6 29. Rxd7+ Rxd7 30. Rxc8 Qxb5 31. Nc1 Rd1+ 32. Kg2 Rxc1 33. Qxc1 Qxe2+
34. Kh3 Qxf3 35. Rc7+ Kh6 36. Rc4 g5 37. Qc2 e2 {Source: BCM, November 1980,
p561} 0-1

[Event "Lloyds Bank Masters 04th"]
[Site "London"]
[Date "1980.08.25"]
[Round "6.2"]
[White "Lederman, Leon"]
[Black "Povah, Nigel Edward"]
[Result "1/2-1/2"]
[WhiteElo "2410"]
[BlackElo "2385"]
[PlyCount "47"]
[EventDate "1980.08.20"]
[EventType "swiss"]
[EventRounds "9"]
[EventCountry "ENG"]
[SourceTitle "BritBase"]
[Source "John Saunders"]
[SourceDate "2020.09.07"]
[SourceVersion "1"]
[SourceVersionDate "2020.09.07"]
[SourceQuality "2"]

1. e4 c5 2. Nf3 e6 3. d4 cxd4 4. Nxd4 Nf6 5. Nc3 Nc6 6. Ndb5 d6 7. Bf4 e5 8.
Bg5 a6 9. Na3 b5 10. Nd5 Be7 11. Bxf6 Bxf6 12. g3 Bg5 13. Bg2 O-O 14. O-O Be6
15. c3 Ne7 16. Nc2 Bxd5 17. exd5 Qb6 18. Nb4 f5 19. Nc6 Kh8 20. Kh1 Nxc6 21.
dxc6 e4 22. Qxd6 Rad8 23. Qe6 Rc8 24. Qd6 1/2-1/2

[Event "Lloyds Bank Masters 04th"]
[Site "London"]
[Date "1980.08.25"]
[Round "6.3"]
[White "Pliester, Leon"]
[Black "Law, Andrew P"]
[Result "0-1"]
[WhiteElo "2245"]
[BlackElo "2375"]
[PlyCount "92"]
[EventDate "1980.08.20"]
[EventType "swiss"]
[EventRounds "9"]
[EventCountry "ENG"]
[SourceTitle "BritBase"]
[Source "John Saunders"]
[SourceDate "2020.09.07"]
[SourceVersion "1"]
[SourceVersionDate "2020.09.07"]
[SourceQuality "2"]

1. d4 Nf6 2. c4 e6 3. Nc3 Bb4 4. Bg5 h6 5. Bh4 c5 6. d5 d6 7. e3 Bxc3+ 8. bxc3
e5 9. f3 Nbd7 10. Bd3 Qe7 11. Nh3 g5 12. Bg3 Nh5 13. Nf2 Kd8 14. Qc2 Kc7 15.
O-O-O Nb6 16. Rde1 Bd7 17. f4 Nxg3 18. hxg3 Rae8 19. f5 e4 20. Nxe4 Bxf5 21.
Nxd6 Qxd6 22. Bxf5 Nxc4 23. Qa4 Nxe3 24. Be4 Nxd5 25. Rd1 Re5 26. Qc4 Rd8 27.
Rhf1 Rd7 28. Rf5 Ne3 29. Rxd6 Nxc4 30. Rxd7+ Kxd7 31. Rxe5 Nxe5 32. Bxb7 Ke6
33. Kd2 Nc4+ 34. Kd3 Nd6 35. Bf3 Ke5 36. Bh5 f5 37. Bf3 g4 38. Bc6 f4 39. gxf4+
Kxf4 40. a4 a5 41. Bd5 h5 42. Bc6 h4 43. Ba8 Kg3 44. Bc6 Kf2 45. Bd7 Kxg2 46.
Bxg4 h3 {Source: BCM, November 1980, p562} 0-1

[Event "Lloyds Bank Masters 04th"]
[Site "London"]
[Date "1980.08.25"]
[Round "6.4"]
[White "Chandler, Murray G"]
[Black "Watson, William N"]
[Result "1-0"]
[WhiteElo "2450"]
[BlackElo "2300"]
[PlyCount "53"]
[EventDate "1980.08.20"]
[EventType "swiss"]
[EventRounds "9"]
[EventCountry "ENG"]
[SourceTitle "BritBase"]
[Source "John Saunders"]
[SourceDate "2020.09.07"]
[SourceVersion "1"]
[SourceVersionDate "2020.09.07"]
[SourceQuality "2"]

1. d4 Nf6 2. c4 g6 3. Nc3 Bg7 4. e4 O-O 5. Bg5 c5 6. d5 h6 7. Be3 d6 8. f3 e6
9. Qd2 exd5 10. cxd5 Kh7 11. Nge2 Nbd7 12. Ng3 a6 13. a4 Qa5 14. Ra3 Ne5 15.
Be2 h5 16. O-O Bd7 17. h3 Qb4 18. Qc1 Rac8 19. Na2 h4 20. Nh1 b5 21. Nxb4 cxb4
22. Rb3 Rxc1 23. Rxc1 Nc4 24. Bxc4 bxc4 25. Rxb4 Re8 26. Bg5 Nh5 27. Rcxc4 1-0

[Event "Lloyds Bank Masters 04th"]
[Site "London"]
[Date "1980.08.25"]
[Round "6.5"]
[White "Cox, John J"]
[Black "Ligterink, Gert"]
[Result "1/2-1/2"]
[WhiteElo "2180"]
[BlackElo "2455"]
[PlyCount "100"]
[EventDate "1980.08.20"]
[EventType "swiss"]
[EventRounds "9"]
[EventCountry "ENG"]
[SourceTitle "BritBase"]
[Source "John Saunders"]
[SourceDate "2020.09.07"]
[SourceVersion "1"]
[SourceVersionDate "2020.09.07"]
[SourceQuality "2"]

1. c4 Nf6 2. Nc3 e5 3. Nf3 Nc6 4. d3 d5 5. cxd5 Nxd5 6. g3 Be7 7. Bg2 Be6 8.
O-O O-O 9. d4 exd4 10. Nb5 Qd7 11. Nbxd4 Nxd4 12. Nxd4 Bh3 13. Qb3 Bxg2 14.
Kxg2 c5 15. Qb5 Rad8 16. Qxd7 Rxd7 17. Nf5 Bf6 18. e4 Nb4 19. Ne3 Rfd8 20. a3
Nd3 21. Rb1 Bd4 22. Kf3 b6 23. Ke2 Nxc1+ 24. Rfxc1 Bxe3 25. Kxe3 Rd3+ 26. Ke2
Rd2+ 27. Ke1 R2d4 28. f3 f5 29. exf5 Re8+ 30. Kf1 Rd2 31. Re1 Rxe1+ 32. Rxe1
Rxb2 33. Re7 Rb3 34. Rxa7 Rxf3+ 35. Ke2 Rxf5 36. Rb7 Rf6 37. Kd3 Rf3+ 38. Ke4
Rb3 39. a4 Rb4+ 40. Ke5 h6 41. Kf5 Kh7 42. h4 h5 43. Kg5 Rxa4 44. Kxh5 Rb4 45.
g4 Kg8 46. g5 Re4 47. Rxb6 Kf7 48. g6+ Kf8 49. Rc6 Re5+ 50. Kg4 Re8 1/2-1/2

[Event "Lloyds Bank Masters 04th"]
[Site "London"]
[Date "1980.08.25"]
[Round "6.6"]
[White "Jacobs, Byron A"]
[Black "Shamkovich, Leonid"]
[Result "1/2-1/2"]
[WhiteElo "2160"]
[BlackElo "2515"]
[PlyCount "79"]
[EventDate "1980.08.20"]
[EventType "swiss"]
[EventRounds "9"]
[EventCountry "ENG"]
[SourceTitle "BritBase"]
[Source "John Saunders"]
[SourceDate "2020.09.07"]
[SourceVersion "1"]
[SourceVersionDate "2020.09.07"]
[SourceQuality "2"]

1. e4 c5 2. f4 Nc6 3. Nf3 d6 4. Nc3 g6 5. Bb5 Bg7 6. O-O e6 7. Bxc6+ bxc6 8. d3
Rb8 9. e5 d5 10. Na4 Bf8 11. c4 Nh6 12. b3 Nf5 13. Qe2 Nd4 14. Qf2 Nxf3+ 15.
Qxf3 Be7 16. Ba3 O-O 17. Qe3 d4 18. Qd2 Rb4 19. Bxb4 cxb4 20. c5 a5 21. Rac1
Ba6 22. Qe2 Bb5 23. Nb2 Qa8 24. Nd1 Qa7 25. Qc2 f5 26. exf6 Rxf6 27. Nf2 Rxf4
28. Ne4 Rxe4 29. dxe4 Bxf1 30. Rxf1 Bg5 31. Rf3 Be3+ 32. Kf1 Qa6+ 33. Ke1 Kg7
34. Qe2 Qa7 35. Qc4 Qe7 36. g3 e5 37. Ke2 Qd7 38. Kd3 Bg5 39. h4 Bf6 40. Qc2
1/2-1/2

[Event "Lloyds Bank Masters 04th"]
[Site "London"]
[Date "1980.08.25"]
[Round "6.7"]
[White "Stebbings, Anthony"]
[Black "Pritchett, Craig William"]
[Result "0-1"]
[WhiteElo "2205"]
[BlackElo "2390"]
[PlyCount "66"]
[EventDate "1980.08.20"]
[EventType "swiss"]
[EventRounds "9"]
[EventCountry "ENG"]
[SourceTitle "BritBase"]
[Source "John Saunders"]
[SourceDate "2020.09.07"]
[SourceVersion "1"]
[SourceVersionDate "2020.09.07"]
[SourceQuality "2"]

1. d4 Nf6 2. c4 e6 3. Nc3 Bb4 4. e3 c5 5. Nge2 cxd4 6. exd4 O-O 7. a3 Be7 8. d5
exd5 9. cxd5 Re8 10. g3 Bc5 11. Na4 d6 12. Nxc5 dxc5 13. Bg2 Qa5+ 14. Kf1 Bf5
15. Nc3 Nbd7 16. h3 Ne4 17. Bxe4 Bxe4 18. Nxe4 Rxe4 19. Be3 Nf6 20. Qc2 c4 21.
Rd1 Rd8 22. Kg2 Rxd5 23. Bxa7 h6 24. Be3 Qd8 25. Rxd5 Qxd5 26. Kh2 Qe5 27. Rd1
Nd5 28. Bf4 Qe6 29. Bb8 h5 30. Kg2 Re2 31. Qc1 Ne3+ 32. Kf3 Nxd1 33. Qxd1 Qe4#
{Source: BCM, November 1980, p562} 0-1

[Event "Lloyds Bank Masters 04th"]
[Site "London"]
[Date "1980.08.25"]
[Round "6.8"]
[White "Hawksworth, John C"]
[Black "Knott, Simon JB"]
[Result "0-1"]
[WhiteElo "2230"]
[BlackElo "2220"]
[PlyCount "82"]
[EventDate "1980.08.20"]
[EventType "swiss"]
[EventRounds "9"]
[EventCountry "ENG"]
[SourceTitle "BritBase"]
[Source "John Saunders"]
[SourceDate "2020.09.07"]
[SourceVersion "1"]
[SourceVersionDate "2020.09.07"]
[SourceQuality "2"]

1. d4 Nf6 2. c4 g6 3. Nc3 d5 4. Nf3 Bg7 5. cxd5 Nxd5 6. e4 Nxc3 7. bxc3 c5 8.
Bb5+ Nc6 9. O-O cxd4 10. cxd4 O-O 11. Be3 Bg4 12. Bxc6 bxc6 13. Rc1 Qa5 14.
Rxc6 Qxa2 15. Qa1 Qxa1 16. Rxa1 a5 17. h3 Bd7 18. Rc7 Rfd8 19. Bg5 f6 20. Bd2
a4 21. Bb4 Bf8 22. d5 e5 23. Bxf8 Kxf8 24. Nd2 Rac8 25. d6 Rxc7 26. dxc7 Rc8
27. Rc1 Ke7 28. f3 Be6 29. Ra1 Bd7 30. Rc1 Kd6 31. Nc4+ Kxc7 32. Nxe5+ Kd6 33.
Rd1+ Kxe5 34. Rxd7 Ra8 35. Rd5+ Ke6 36. Rd1 a3 37. Kf2 a2 38. Ra1 Kd6 39. Ke3
Kc5 40. Kd2 Kb4 41. Kc2 Ka3 0-1

[Event "Lloyds Bank Masters 04th"]
[Site "London"]
[Date "1980.08.25"]
[Round "6.10"]
[White "Sax, Gyula"]
[Black "Wells, Peter K"]
[Result "1/2-1/2"]
[WhiteElo "2570"]
[BlackElo "2220"]
[PlyCount "103"]
[EventDate "1980.08.20"]
[EventType "swiss"]
[EventRounds "9"]
[EventCountry "ENG"]
[SourceTitle "BritBase"]
[Source "John Saunders"]
[SourceDate "2020.09.07"]
[SourceVersion "1"]
[SourceVersionDate "2020.09.07"]
[SourceQuality "2"]

1. e4 d6 2. d4 Nf6 3. Nc3 g6 4. f4 Bg7 5. Nf3 c5 6. Bb5+ Nc6 7. dxc5 Qa5 8. O-O
O-O 9. cxd6 exd6 10. Bd3 b5 11. Kh1 b4 12. Ne2 Re8 13. Ng3 Ba6 14. Bd2 Nd7 15.
Bxa6 Qxa6 16. c3 Rab8 17. cxb4 Nxb4 18. Bc3 Bxc3 19. bxc3 Nd3 20. Ne1 N7c5 21.
Nxd3 Qxd3 22. Qxd3 Nxd3 23. Rad1 Nc5 24. Rfe1 Rb2 25. Kg1 Rxa2 26. Rxd6 Rb8 27.
Kh1 Rbb2 28. Rg1 Rc2 29. f5 Kg7 30. e5 Rxc3 31. Rd4 Ra4 32. Rxa4 Nxa4 33. Ra1
Nc5 34. Kg1 gxf5 35. Nxf5+ Kg6 36. Nh4+ Kg7 37. Nf3 Nd3 38. e6 fxe6 39. Rxa7+
Kf6 40. h4 Kg6 41. Kh2 Nf4 42. Ra4 Nh5 43. Ng5 Rc6 44. g4 Nf6 45. Nf3 Rb6 46.
Kg3 h6 47. Ne5+ Kg7 48. Ra7+ Kg8 49. h5 Rb5 50. Nf7 Nxh5+ 51. Kh4 Ng7 52. Nxh6+
1/2-1/2

[Event "Lloyds Bank Masters 04th"]
[Site "London"]
[Date "1980.08.25"]
[Round "6.12"]
[White "Hartoch, Robert"]
[Black "Berg, Klaus"]
[Result "1-0"]
[WhiteElo "2395"]
[BlackElo "2295"]
[PlyCount "55"]
[EventDate "1980.08.20"]
[EventType "swiss"]
[EventRounds "9"]
[EventCountry "ENG"]
[SourceTitle "BritBase"]
[Source "John Saunders"]
[SourceDate "2020.09.07"]
[SourceVersion "1"]
[SourceVersionDate "2020.09.07"]
[SourceQuality "2"]

1. Nf3 Nf6 2. g3 b6 3. Bg2 Bb7 4. O-O e6 5. b3 Be7 6. Bb2 O-O 7. d3 c5 8. e4 d5
9. e5 Nfd7 10. Nbd2 Nc6 11. Re1 Qc7 12. c4 d4 13. Qe2 Rae8 14. Bc1 Bd8 15. Nf1
Qb8 16. Bf4 Bc7 17. h4 f6 18. exf6 Bxf4 19. fxg7 Kxg7 20. gxf4 Rxf4 21. Ng3 Nf6
22. Ng5 Nd8 23. Nh5+ Nxh5 24. Qxh5 Rg8 25. Qxh7+ Kf8 26. Rxe6 Nf7 27. Rae1 Rh8
28. Rg6 1-0

[Event "Lloyds Bank Masters 04th"]
[Site "London"]
[Date "1980.08.25"]
[Round "6.17"]
[White "Riedel, Wolfgang"]
[Black "Langeweg, Kick"]
[Result "1-0"]
[WhiteElo "2295"]
[BlackElo "2425"]
[PlyCount "75"]
[EventDate "1980.08.20"]
[EventType "swiss"]
[EventRounds "9"]
[EventCountry "ENG"]
[SourceTitle "BritBase"]
[Source "John Saunders"]
[SourceDate "2020.09.07"]
[SourceVersion "1"]
[SourceVersionDate "2020.09.07"]
[SourceQuality "2"]

1. e4 c5 2. Nc3 Nc6 3. g3 g6 4. Bg2 Bg7 5. d3 d6 6. f4 e6 7. Nf3 Nge7 8. O-O
O-O 9. Ne2 Bd7 10. g4 f5 11. gxf5 exf5 12. Ng3 Kh8 13. Kh1 Qb6 14. Rb1 Rad8 15.
Be3 fxe4 16. dxe4 Be6 17. Ng5 Bxa2 18. Qg4 Bg8 19. f5 gxf5 20. exf5 Nd5 21. Bd2
Nf6 22. Qh3 Rde8 23. Rf4 Nd4 24. Rh4 Qc7 25. c4 b5 26. cxb5 Qd7 27. Rf1 d5 28.
Bc3 Nxb5 29. Nxh7 Bxh7 30. Rxh7+ Nxh7 31. f6 Qxh3 32. fxg7+ Kg8 33. gxf8=Q+
Nxf8 34. Bxh3 Nxc3 35. bxc3 Re3 36. Bg2 Rxc3 37. Bxd5+ Kg7 38. Rf7+ 1-0

[Event "Lloyds Bank Masters 04th"]
[Site "London"]
[Date "1980.08.25"]
[Round "6.20"]
[White "Bellin, Robert"]
[Black "Van der Weide, Piet"]
[Result "1-0"]
[WhiteElo "2440"]
[BlackElo "2280"]
[PlyCount "83"]
[EventDate "1980.08.20"]
[EventType "swiss"]
[EventRounds "9"]
[EventCountry "ENG"]
[SourceTitle "BritBase"]
[Source "John Saunders"]
[SourceDate "2020.09.07"]
[SourceVersion "1"]
[SourceVersionDate "2020.09.07"]
[SourceQuality "2"]

1. d4 f5 2. Nc3 d5 3. Bg5 c6 4. e3 Nd7 5. Bd3 Ndf6 6. Nf3 g6 7. Ne5 Bg7 8. h4
Nd7 9. f4 Ngf6 10. h5 Nxh5 11. Rxh5 Nxe5 12. fxe5 gxh5 13. Qxh5+ Kf8 14. O-O-O
Qe8 15. Qh4 h6 16. Bf4 e6 17. g4 Bd7 18. gxf5 exf5 19. Ne2 Qf7 20. Rg1 Ke8 21.
Ng3 Bf8 22. Nh5 Be7 23. Nf6+ Bxf6 24. exf6 Rg8 25. Rxg8+ Qxg8 26. Qh5+ Qf7 27.
Be2 Be6 28. Qxh6 Kd7 29. Bh5 Qg8 30. f7 Qd8 31. Qg7 Qf8 32. Qh7 c5 33. Bh6 Qe7
34. Bg6 cxd4 35. f8=Q Rxf8 36. Bxf8 Qxh7 37. Bxh7 dxe3 38. c3 d4 39. cxd4 f4
40. Bh6 e2 41. Kd2 f3 42. Be3 1-0

[Event "Lloyds Bank Masters 04th"]
[Site "London"]
[Date "1980.08.25"]
[Round "6.22"]
[White "Baljon, Christofoor"]
[Black "Brown, Simon D"]
[Result "1-0"]
[WhiteElo "2340"]
[BlackElo "2260"]
[PlyCount "65"]
[EventDate "1980.08.20"]
[EventType "swiss"]
[EventRounds "9"]
[EventCountry "ENG"]
[SourceTitle "BritBase"]
[Source "John Saunders"]
[SourceDate "2020.09.07"]
[SourceVersion "1"]
[SourceVersionDate "2020.09.07"]
[SourceQuality "2"]

1. e4 e6 2. d4 d5 3. Nc3 Bb4 4. e5 c5 5. a3 Bxc3+ 6. bxc3 Ne7 7. Qg4 Qc7 8.
Qxg7 Rg8 9. Qxh7 cxd4 10. Kd1 Nbc6 11. Nf3 dxc3 12. Bf4 Qb6 13. Bg3 Bd7 14. Bd3
O-O-O 15. h4 Nd4 16. Qh6 Ba4 17. Nxd4 Qxd4 18. Ke2 Qg4+ 19. Kf1 Nf5 20. Qf4
Nxg3+ 21. fxg3 Qxg3 22. Qxg3 Rxg3 23. h5 f5 24. exf6 Rf8 25. h6 Rxf6+ 26. Kg1
Rg8 27. h7 Rh8 28. g4 e5 29. g5 Rf4 30. g6 Be8 31. Rh2 e4 32. g7 Rg4+ 33. Rg2
1-0